| 000 | 00348nam a2200133Ia 4500 | ||
|---|---|---|---|
| 008 | 240126s9999 xx 000 0 und d | ||
| 041 | _aEnglish | ||
| 245 | 0 | _aExpress Travel World (2005 - | |
| 260 |
_bIndian Express Press _aMumbai |
||
| 440 | _aNULL | ||
| 650 | _aExpress,(2005,-,Management. Hotel | ||
| 650 | _aManagement. Hotel | ||
| 942 | _cJN | ||
| 999 |
_c267152 _d267152 |
||